| 000 | 01026nam0a22002531 4500 | ||
|---|---|---|---|
| 001 | rc\4656280 | ||
| 005 | 20130416202827.0 | ||
| 021 |
_aRU _b[61-25850] |
||
| 035 | _a(NLR Aleph) 008694436 | ||
| 090 |
_a9259538 _c9259538 |
||
| 100 | _a20130416d1961 |||y0rusy50 ca | ||
| 101 | 0 | _arus | |
| 102 | _aRU | ||
| 105 | _ay z ||||| | ||
| 200 | 1 |
_aО практике применения выборочного метода в советской статистике _eУчеб. пособие по общей теории и общему курсу статистики _fМ-во высш. и сред. спец. образования РСФСР. Всесоюз. заоч. фин.-экон. ин-т |
|
| 210 |
_aМосква _cБ. и. _d1961 |
||
| 215 |
_a28 с. _d21 |
||
| 608 |
_aСтатистика _jПособия заочные _2psbo |
||
| 700 | 1 |
_aПартешко _bН. С. _gНина Степановна |
|
| 801 | 0 |
_aRU _bNLR _gpsbo |
|
| 801 | 1 |
_aRU _bELAR _2rusmarc |
|
| 852 |
_aNLR _j61-6/3752 |
||
| 942 | _cBOOK | ||
| 980 | _aNB | ||